Red velvet cupcake murder / (Record no. 86352)
[ view plain ]
| 000 -LEADER | |
|---|---|
| fixed length control field | 02031cam a2200493 i 4500 |
| 001 - CONTROL NUMBER | |
| control field | a6149022 |
| 003 - CONTROL NUMBER IDENTIFIER | |
| control field | SIRSI |
| 005 - DATE AND TIME OF LATEST TRANSACTION | |
| control field | 20241220132848.0 |
| 008 - FIXED-LENGTH DATA ELEMENTS--GENERAL INFORMATION | |
| fixed length control field | 130612s2013 nyu 001 f eng c |
| 010 ## - LIBRARY OF CONGRESS CONTROL NUMBER | |
| LC control number | 2012954298 |
| 020 ## - INTERNATIONAL STANDARD BOOK NUMBER | |
| International Standard Book Number | 9780758280343 (hardback) |
| 020 ## - INTERNATIONAL STANDARD BOOK NUMBER | |
| International Standard Book Number | 0758280343 hardback) |
| 035 ## - SYSTEM CONTROL NUMBER | |
| System control number | (OCoLC)ocn847786670 |
| 040 ## - CATALOGING SOURCE | |
| Original cataloging agency | BTCTA |
| Language of cataloging | eng |
| Description conventions | rda |
| Transcribing agency | UBY |
| Modifying agency | BDX |
| -- | O2C |
| -- | UKMGB |
| -- | FN4 |
| -- | UPZ |
| -- | IEB |
| -- | FOLLT |
| -- | IEP |
| -- | YDXCP |
| -- | VP@ |
| -- | UBY |
| 042 ## - AUTHENTICATION CODE | |
| Authentication code | pcc |
| 043 ## - GEOGRAPHIC AREA CODE | |
| Geographic area code | n-us-mn |
| 050 #4 - LIBRARY OF CONGRESS CALL NUMBER | |
| Classification number | PS3556.L685 |
| Item number | R43 2013 |
| 082 04 - DEWEY DECIMAL CLASSIFICATION NUMBER | |
| Classification number | 813/.54 |
| Edition number | 23 |
| 092 ## - LOCALLY ASSIGNED DEWEY CALL NUMBER (OCLC) | |
| Classification number | FLUKE |
| 100 1# - MAIN ENTRY--PERSONAL NAME | |
| Personal name | Fluke, Joanne, |
| Dates associated with a name | 1943- |
| Relator term | author. |
| 9 (RLIN) | 37522 |
| 245 10 - TITLE STATEMENT | |
| Title | Red velvet cupcake murder / |
| Statement of responsibility, etc | Joanne Fluke. |
| 264 #1 - Production, Publication, Distribution, Manufacture, and Copyright Notice. | |
| Place of production, publication, distribution, manufacture | New York : |
| Name of producer, publisher, distributor, manufacturer | Kensington Books, |
| Date of production, publication, distribution, manufacture, or copyr | 2013. |
| 300 ## - PHYSICAL DESCRIPTION | |
| Extent | viii, 323 pages ; |
| Dimensions | 22 cm |
| 336 ## - Content Type | |
| Content type term | text |
| 337 ## - Media type | |
| Media type term | unmediated |
| 338 ## - Carrier type | |
| Carrier type term | volume |
| 490 1# - SERIES STATEMENT | |
| Series statement | Hannah Swensen mystery |
| 500 ## - GENERAL NOTE | |
| General note | Includes recipes and recipe index. |
| 500 ## - GENERAL NOTE | |
| General note | "A Hannah Swensen mystery with recipes!"--Dust jacket. |
| 520 ## - SUMMARY, ETC. | |
| Summary, etc | When one of her famous Red Velvet cupcakes is thought to have caused the death of her rival--a scandalous Lake Eden legend who was trying to steal her boyfriend--Hannah Swensen becomes the unlikely suspect in a murder investigation and must whip up the real killer before someone else gets iced. |
| 583 ## - ACTION NOTE | |
| Action | cat |
| Action identification | m rda auth subj upd juvstacks |
| Time/date of action | 20130611 |
| Action agent | jhs |
| Institution to which field applies | UPB |
| 583 ## - ACTION NOTE | |
| Action | sr |
| Action identification | YBP |
| Time/date of action | 20130411 |
| Institution to which field applies | UPB |
| 583 ## - ACTION NOTE | |
| Action | cat |
| Time/date of action | 20130419 |
| Action agent | asg/mpl |
| Institution to which field applies | UPB |
| 650 #0 - SUBJECT ADDED ENTRY--TOPICAL TERM | |
| Topical term or geographic name as entry element | Swensen, Hannah (Fictitious character) |
| Form subdivision | Fiction. |
| 9 (RLIN) | 5674507 |
| 650 #0 - SUBJECT ADDED ENTRY--TOPICAL TERM | |
| Topical term or geographic name as entry element | Bakers |
| Form subdivision | Fiction. |
| 9 (RLIN) | 5674509 |
| 650 #0 - SUBJECT ADDED ENTRY--TOPICAL TERM | |
| Topical term or geographic name as entry element | Women detectives |
| Geographic subdivision | Minnesota |
| Form subdivision | Fiction. |
| 9 (RLIN) | 5674508 |
| 650 #0 - SUBJECT ADDED ENTRY--TOPICAL TERM | |
| Topical term or geographic name as entry element | Murder |
| General subdivision | Investigation |
| Form subdivision | Fiction. |
| 9 (RLIN) | 5673630 |
| 651 #0 - SUBJECT ADDED ENTRY--GEOGRAPHIC NAME | |
| Geographic name | Minnesota |
| Form subdivision | Fiction. |
| 9 (RLIN) | 5674510 |
| 655 #0 - INDEX TERM--GENRE/FORM | |
| Genre/form data or focus term | Detective and mystery stories, American. |
| 9 (RLIN) | 6391987 |
| 655 #7 - INDEX TERM--GENRE/FORM | |
| Genre/form data or focus term | Cozy mysteries. |
| Source of term | lcgft |
| 9 (RLIN) | 5812499 |
| 655 #7 - INDEX TERM--GENRE/FORM | |
| Genre/form data or focus term | Novels. |
| Source of term | lcgft |
| 9 (RLIN) | 6391988 |
| 800 1# - SERIES ADDED ENTRY--PERSONAL NAME | |
| Personal name | Fluke, Joanne, |
| Dates associated with a name | 1943- |
| Title of a work | Hannah Swensen mystery. |
| 9 (RLIN) | 77354 |
| 942 ## - ADDED ENTRY ELEMENTS (KOHA) | |
| Source of classification or shelving scheme | Dewey Decimal Classification |
| Koha item type | BOOK |
| Withdrawn status | Lost status | Source of classification or shelving scheme | Damaged status | Not for loan | Collection code | Home library | Current library | Shelving location | Date acquired | Source of acquisition | Cost, normal purchase price | Total Checkouts | Total Renewals | Full call number | Barcode | Date last seen | Date checked out | Cost, replacement price | Price effective from | Koha item type |
|---|---|---|---|---|---|---|---|---|---|---|---|---|---|---|---|---|---|---|---|---|
| Dewey Decimal Classification | Fiction | Wasatch County Library | Wasatch County Library | First Floor | 07/16/2018 | Amazon | 15.95 | 12 | 6 | F Fluke | 34301001555343 | 01/11/2026 | 12/08/2025 | 15.95 | 03/20/2020 | BOOK |
